| 000 | 00349nam a22001217a 4500 | ||
|---|---|---|---|
| 082 | _a220 PRO | ||
| 100 |
_aSHEERAZ,IBRAHEEM,AWAIS,ALI RAZA _971409 |
||
| 245 | _aPR-SOF-1306-SENTIMENTAL ANALYSIS ON NEWSPAPERS | ||
| 260 |
_aISLAMABAD _bNUST COLLEGE OF EME _c2013 |
||
| 650 |
_a DE-COMP-31 _971410 |
||
| 700 |
_aDr WASI HAIDER BUTT _916106 |
||
| 942 | _cCR | ||
| 999 |
_c577942 _d577942 |
||